<?xml version="1.0" encoding="UTF-8"?>
<collection xmlns="http://www.loc.gov/MARC21/slim">
  <record>
    <leader>00000nam  2200000   4500</leader>
    <controlfield tag="001">INLIS000000000018728</controlfield>
    <controlfield tag="005">20241209115832</controlfield>
    <datafield tag="035" ind1="#" ind2="#">
      <subfield code="a">0010-1224000099</subfield>
    </datafield>
    <controlfield tag="007">ta</controlfield>
    <controlfield tag="008">241209################g##########0#ind##</controlfield>
    <datafield tag="082" ind1="#" ind2="#">
      <subfield code="a">658.81</subfield>
    </datafield>
    <datafield tag="084" ind1="#" ind2="#">
      <subfield code="a">658.81 KOT t</subfield>
    </datafield>
    <datafield tag="100" ind1=" " ind2="#">
      <subfield code="a">Kotler, Philip</subfield>
    </datafield>
    <datafield tag="245" ind1="1" ind2="#">
      <subfield code="a">Teknik dan Strategi Memasarkan Jasa Profesional /</subfield>
      <subfield code="c">Philip Kotler, Paul N. Bloom</subfield>
    </datafield>
    <datafield tag="250" ind1="#" ind2="#">
      <subfield code="a">Cetakan ke 1</subfield>
    </datafield>
    <datafield tag="260" ind1="#" ind2="#">
      <subfield code="a">New Jersey :</subfield>
      <subfield code="b">Intermedia,</subfield>
      <subfield code="c">1984</subfield>
    </datafield>
    <datafield tag="300" ind1="#" ind2="#">
      <subfield code="a">283 halaman :</subfield>
      <subfield code="b">ilus ;</subfield>
      <subfield code="c">23,5 cm</subfield>
    </datafield>
    <datafield tag="650" ind1="#" ind2="4">
      <subfield code="a">Marketing</subfield>
    </datafield>
    <datafield tag="700" ind1=" " ind2="#">
      <subfield code="a">Paul N. Bloom</subfield>
    </datafield>
    <datafield tag="990" ind1="#" ind2="#">
      <subfield code="a">96111321</subfield>
    </datafield>
    <datafield tag="990" ind1="#" ind2="#">
      <subfield code="a">26403</subfield>
    </datafield>
    <datafield tag="990" ind1="#" ind2="#">
      <subfield code="a">26234</subfield>
    </datafield>
  </record>
</collection>
